LEADER 00957nam a2200265 i 4500 001 000000149702 003 CaOOAMICUS 005 20060510000000.0 008 060510s1974 it u000 u ita u 013 $a127030 040 $aSeMil$bita 100 1 $aCroce, Elena.$0(OLS)http://semarc/name/6792 245 13$aLa patria napoletana /$cElena Croce. 260 $a[Milano] :$bArnoldo Mondadori Editore,$c1974. 300 $a138 p. ;$c21 cm. 490 0 $aSaggi ;$v61 500 $aFondo Ciprandi. 650 4$aNapoli - 1790-1820.$0(OLS)http://semarc/subject/29262 830 0$aSaggi ;$v61.$0(OLS)http://semarc/title/341 850 $aSeMil 852 $aSeMil$W1$xVenegono$y1$m3U II 484$j101903$B101903$CSeMilBibl$Z2$F111009 $81 941 1 $a1 961 $aOmaggio: Ciprandi dott. Paolo 996 $6245$aLa patria napoletana$9(OLS)http://semarc/title/218840 996 $6260$a[Milano] :$bArnoldo Mondadori Editore$9(OLS)http://semarc/publisher/29634 LEADER 01031nam a2200241 i 4500 001 000000162723 003 CaOOAMICUS 005 20070705000000.0 008 070705s1933 it u000 u ita u 013 $a140087 040 $aSeMil$bita 100 1 $aLupi, Sergio <1908-1970>.$0(OLS)http://semarc/name/494 245 13$aIl romanticismo tedesco :$bcontributo per una nuova intuizione dello spirito e dell'arte /$cSergio Lupi. 260 $aFirenze :$bLa Nuova Italia,$c1933. 300 $a115 p. ;$c20 cm. 490 0 $aCollana critica 650 4$aRomanticismo - Germania.$0(OLS)http://semarc/subject/3161 830 0$aCollana critica.$0(OLS)http://semarc/title/14466 850 $aSeMil 852 $aSeMil$W1$xVenegono$y1$m1R II 57$j246605$B114054$CSeMilBibl$Z2$F124855 $81 961 $aRecupero: Altro 996 $6245$aIl romanticismo tedesco :$bcontributo per una nuova intuizione dello spirito e dell'arte$9(OLS)http://semarc/title/232140 996 $6260$aFirenze :$bLa Nuova Italia$9(OLS)http://semarc/publisher/30055